LIBRARY & INFORMATION CENTRE, KCAET, TAVANUR

ONLINE PUBLIC ACCESS CATALOGUE (OPAC)

Basic statistics:A text book for the test course / (Record no. 10588)

MARC details
000 -LEADER
fixed length control field 00525cam a2200193ua 4500
041 ## - LANGUAGE CODE
Language code of text/sound track or separate title eng
082 ## - DEWEY DECIMAL CLASSIFICATION NUMBER
Classification number 519.5
Item number SIM/BA
100 ## - MAIN ENTRY--AUTHOR NAME
Personal name Simpson, George .
245 ## - TITLE STATEMENT
Title Basic statistics:A text book for the test course /
250 ## - EDITION STATEMENT
Edition statement 1 /
260 ## - PUBLICATION, DISTRIBUTION, ETC. (IMPRINT)
Place of publication New Delhi :
Name of publisher Oxford & IBH Publishing company ,
Year of publication 1965.
300 ## - PHYSICAL DESCRIPTION
Number of Pages 521 :
Other physical details 506 ; .
700 1# - ADDED ENTRY--PERSONAL NAME
Personal name Kafka, Aritz .
942 ## - ADDED ENTRY ELEMENTS (KOHA)
Koha item type Books
Holdings
Withdrawn status Lost status Damaged status Home library Current library Date acquired Full call number Accession Number Koha item type
      KAUAET KAUAET 07/04/2012 519.5 SIM/BA 19684 Books
      KAUAET KAUAET 07/04/2012 519.5 SIM/BA 20024 Books
      KAUAET KAUAET 07/04/2012 519.5 SIM/BA 12996 Books
free website counter